| 000 | 00000nam 2200000za 4500 |
| 001 | 9.643990 |
| 003 | CaOODSP |
| 005 | 20250910142445 |
| 007 | cr ||||||||||| |
| 008 | 150407|2005||||xxc|||||o f|0| 0 fre d |
| 040 | |aCaOODSP|bfre |
| 043 | |an-cn--- |
| 086 | 1 |aD2-343/2005F-PDF |
| 110 | 1 |aCanada. |bMinistère de la défense nationale. |
| 245 | 10|aRapport sur les résultats du Sondage sur l'éthique de la Défense de 2003 / |h[ressource électronique]|c[par] S. Dursun, Major R.O. Morrow, Major D.L.J. Beauchamp. |
| 260 | |aOttawa - Ontario : |bDéfense nationale |cFévrier 2005. |
| 300 | |a121p.|bfigures (certaines en couleur), graphiques, références, tableaux |
| 500 | |a« Rapport de recherche commanditée 2004-18 »--p.1 de 121. |
| 590 | |a14-20-Supp|b2014-11-25 |
| 691 | 07|aArmée|2gcpds |
| 691 | 07|aÉthique|2gcpds |
| 691 | 07|aPrise de décision|2gcpds |
| 775 | 08|t2003 Defence Ethics Survey report / |w(CaOODSP)9.700074 |
| 794 | |tSondage sur l'éthique de la Défense de 2007 : |w(CaOODSP)9.643991 |
| 856 | 40|ahttp://publications.gc.ca|qPDF|s1.37 Mo|uhttps://publications.gc.ca/collections/collection_2014/mdn-dnd/D2-343-2005-fra.pdf |